[Event "Airthings Masters - Torneo Preliminare"]
[Site "Internet"]
[Date "03.02.2023"]
[Round "3"]
[White "Kovalenko, Igor"]
[Black "Radjabov, Teimour"]
[Result "1-0"]
[WhiteTitle ""]
[BlackTitle ""]
[WhiteElo "2674"]
[BlackElo "2747"]
[WhiteFideId "14117908"]
[BlackFideId "13400924"]
[EventDate "2023.02.03"]

1. c4 Nf6 2. Nc3 e5 3. Nf3 Nc6 4. g3 d5 5. cxd5 Nxd5 6. Bg2 Bc5 7. O-O O-O 8. d3
Re8 9. Bg5 Nxc3 10. bxc3 Qd6 11. Nd2 Qg6 12. Ne4 Bb6 13. Bc1 Bg4 14. Kh1 Rad8
15. f3 Bc8 16. Qb3 Be6 17. Qc2 h6 18. a4 f5 19. Nf2 a5 20. Rb1 Ne7 21. e4 Nc6
22. Ba3 Rd7 23. Rbd1 Red8 24. exf5 Qxf5 25. Ne4 Qf7 26. c4 Nd4 27. Qb2 Nf5 28.
c5 Ba7 29. Qxb7 Bd5 30. Qa6 c6 31. Rde1 Qg6 32. Qxa5 Rb8 33. Qc3 Rb3 34. Qc1
Rxd3 35. Bb2 Nd4 36. a5 Nb3 37. Qb1 Nxc5 38. Nxc5 Bxc5 39. Bxe5 Rf7 40. a6 Rdxf3
41. Rxf3 Qxb1 42. Rxb1 Rxf3 43. h4 Ra3 44. Bxd5+ cxd5 45. Rb7 g5 46. Rg7+ Kf8
47. Rc7 1-0

[Event "Airthings Masters - Torneo Preliminare"]
[Site "Internet"]
[Date "03.02.2023"]
[Round "3"]
[White "Xu, Xiangyu"]
[Black "Nepomniachtchi, Ian"]
[Result "1/2-1/2"]
[WhiteTitle ""]
[BlackTitle ""]
[WhiteElo "2578"]
[BlackElo "2793"]
[WhiteFideId "8608288"]
[BlackFideId "4168119"]
[EventDate "2023.02.03"]

1. d4 Nf6 2. Bg5 e6 3. e4 h6 4. Bxf6 Qxf6 5. Nc3 d5 6. exd5 Bb4 7. dxe6 Bxe6 8.
Nf3 Nc6 9. a3 Ba5 10. Qd3 O-O-O 11. O-O-O Rhe8 12. h3 Bb6 13. d5 Ne5 14. Nxe5
Qxe5 15. Qg3 Qxg3 16. fxg3 Bd7 17. Bd3 f5 18. Rde1 h5 19. Rhf1 g6 20. Rxe8 Rxe8
21. g4 hxg4 22. hxg4 Re5 23. gxf5 Bxf5 24. Bxf5+ gxf5 25. Rh1 f4 26. Kb1 Rg5 27.
Ne2 Be3 28. Rf1 Rxg2 29. Nxf4 Rg5 30. Rf3 Bxf4 31. Rxf4 Rxd5 1/2-1/2

[Event "Airthings Masters - Torneo Preliminare"]
[Site "Internet"]
[Date "03.02.2023"]
[Round "3"]
[White "Oparin, Grigoriy"]
[Black "Caruana, Fabiano"]
[Result "0-1"]
[WhiteTitle ""]
[BlackTitle ""]
[WhiteElo "2667"]
[BlackElo "2766"]
[WhiteFideId "24125890"]
[BlackFideId "2020009"]
[EventDate "2023.02.03"]

1. e4 e5 2. Nf3 Nc6 3. Bb5 a6 4. Ba4 Nf6 5. Nc3 b5 6. Bb3 Bc5 7. O-O O-O 8. a4
Rb8 9. axb5 axb5 10. Nd5 Nxe4 11. d3 Nf6 12. Bg5 Be7 13. Nxe7+ Qxe7 14. Re1 h6
15. Bh4 Bb7 16. d4 e4 17. d5 Ne5 18. Qd4 d6 19. Nxe5 dxe5 20. Bxf6 Qxf6 21. Qxe4
Rfe8 22. Qb4 Qb6 23. Ra5 Bc8 24. h3 e4 25. Qc3 Bd7 26. Raa1 Rbc8 27. Qe3 Qd6 28.
Qa7 Qe5 29. c3 b4 30. Qc5 bxc3 31. bxc3 Kh8 32. Bc2 f5 33. Ra5 Rb8 34. Ra7 Rec8
35. Rd1 Rb2 36. Ba4 Bxa4 37. Rxa4 f4 38. Qd4 Qh5 39. Re1 e3 40. fxe3 f3 0-1

[Event "Airthings Masters - Torneo Preliminare"]
[Site "Internet"]
[Date "03.02.2023"]
[Round "3"]
[White "Kovalev, Vladislav"]
[Black "Harsha, Bharathakoti"]
[Result "1-0"]
[WhiteTitle ""]
[BlackTitle ""]
[WhiteElo "2623"]
[BlackElo "2599"]
[WhiteFideId "13504398"]
[BlackFideId "5078776"]
[EventDate "2023.02.03"]

1. e4 c5 2. Nc3 e6 3. g3 a6 4. Bg2 b5 5. d3 Bb7 6. f4 d5 7. Qe2 b4 8. Nd1 Nf6 9.
exd5 Bxd5 10. Nf3 Be7 11. Ne3 Bb7 12. Nc4 O-O 13. O-O Nc6 14. Be3 Nd5 15. Nfe5
Nxe5 16. fxe5 Qc7 17. Bd2 Nb6 18. Bxb7 Qxb7 19. Na5 Qd5 20. b3 Rad8 21. h4 f5
22. exf6 Bxf6 23. Rae1 Bd4+ 24. Kh2 e5 25. Qg2 Qxg2+ 26. Kxg2 Rd6 27. Rxf8+ Kxf8
28. Be3 Nd5 29. Nc4 Bxe3 30. Nxd6 1-0

[Event "Airthings Masters - Torneo Preliminare"]
[Site "Internet"]
[Date "03.02.2023"]
[Round "3"]
[White "Bortnyk, Olexandr"]
[Black "Kozak, Adam"]
[Result "1-0"]
[WhiteTitle ""]
[BlackTitle ""]
[WhiteElo "2605"]
[BlackElo "2564"]
[WhiteFideId "14120828"]
[BlackFideId "753246"]
[EventDate "2023.02.03"]

1. e4 e5 2. Nf3 Nc6 3. Bb5 Nf6 4. Nc3 Bc5 5. Bxc6 dxc6 6. d3 Bd6 7. h3 O-O 8.
Be3 a5 9. a3 a4 10. Qd2 Re8 11. g4 b5 12. Ne2 c5 13. Ng3 c4 14. g5 Nd7 15. Nf5
cxd3 16. Qxd3 Nc5 17. Bxc5 Bxc5 18. Qxd8 Rxd8 19. Ng3 Bb7 20. Nxe5 Bd4 21. Nd3
c5 22. Rb1 c4 23. Nb4 c3 24. bxc3 Bxc3+ 25. Ke2 Rd2+ 26. Ke3 Rad8 27. Rhc1 R2d4
28. Nd3 b4 29. axb4 Rc4 30. f3 Bd4+ 31. Kd2 a3 32. c3 Ba6 33. Ne2 a2 34. Ra1 1-0

[Event "Airthings Masters - Torneo Preliminare"]
[Site "Internet"]
[Date "03.02.2023"]
[Round "3"]
[White "Kaufman, Lawrence"]
[Black "Moiseenko, Alexander"]
[Result "0-1"]
[WhiteTitle ""]
[BlackTitle ""]
[WhiteElo "2188"]
[BlackElo "2577"]
[WhiteFideId "2000555"]
[BlackFideId "14102560"]
[EventDate "2023.02.03"]

1. e4 c5 2. Nf3 Nc6 3. Bb5 e6 4. O-O Nge7 5. Re1 Ng6 6. c3 d5 7. exd5 Qxd5 8. d4
cxd4 9. Nxd4 Bd7 10. Bf1 Be7 11. Nb5 Qxd1 12. Rxd1 O-O-O 13. Be3 a6 14. Nd6+
Bxd6 15. Rxd6 Kc7 16. Rd1 Nce7 17. Nd2 Nf5 18. Nc4 Nxe3 19. Nxe3 Bc6 20. f3 h5
21. Kf2 h4 22. Nc4 f6 23. Na5 Nf4 24. Nxc6 Kxc6 25. g3 Nd5 26. Bg2 Kc7 27. f4
Nb6 28. b3 Nc8 29. Rxd8 Rxd8 30. Ke2 Ne7 31. Rd1 Rxd1 32. Kxd1 hxg3 33. hxg3 Nf5
34. Bh3 Nxg3 35. Bxe6 Nh5 36. f5 Nf4 37. Bg8 Kd6 38. Kd2 Ke5 39. Bh7 Nd5 40. c4
Ne7 41. Kc3 Nxf5 42. Kb4 g5 43. Kc5 g4 44. Bg8 Ne7 45. Bd5 Nxd5 46. cxd5 g3 47.
d6 Ke6 48. Kb6 Kxd6 49. Kxb7 g2 50. Kxa6 g1=Q 51. a4 Kc7 52. Kb5 f5 53. b4 f4
54. Kc4 f3 0-1

[Event "Airthings Masters - Torneo Preliminare"]
[Site "Internet"]
[Date "03.02.2023"]
[Round "3"]
[White "Grandelius, Nils"]
[Black "Bartel, Mateusz"]
[Result "1/2-1/2"]
[WhiteTitle ""]
[BlackTitle ""]
[WhiteElo "2660"]
[BlackElo "2615"]
[WhiteFideId "1710400"]
[BlackFideId "1112635"]
[EventDate "2023.02.03"]

1. Nf3 d5 2. g3 Bf5 3. c4 e6 4. cxd5 exd5 5. Qb3 Nc6 6. Bg2 Rb8 7. O-O Nf6 8. d4
Be7 9. Nc3 h6 10. Bf4 O-O 11. Rac1 a6 12. a3 Re8 13. Rfd1 Bd6 14. Bxd6 Qxd6 15.
e3 Bg4 16. Re1 Bxf3 17. Bxf3 Ne7 18. e4 dxe4 19. Nxe4 Nxe4 20. Rxe4 Nf5 21. Rf4
Nxd4 22. Qxf7+ Kh8 23. Rxc7 Re1+ 24. Kg2 Ne6 25. Rfc4 Nxc7 26. Rxc7 Qf6 27. Qxf6
gxf6 28. Bxb7 a5 29. b3 Re5 30. Rd7 Rbe8 31. Bd5 R8e7 32. Rd8+ Re8 33. Rd7 R8e7
34. Rd8+ Re8 35. Rd7 1/2-1/2

[Event "Airthings Masters - Torneo Preliminare"]
[Site "Internet"]
[Date "03.02.2023"]
[Round "3"]
[White "Narayanan, S.L."]
[Black "Narayanan, Srinath"]
[Result "0-1"]
[WhiteTitle ""]
[BlackTitle ""]
[WhiteElo "2669"]
[BlackElo "2559"]
[WhiteFideId "5058422"]
[BlackFideId "5018420"]
[EventDate "2023.02.03"]

1. e4 c6 2. Nc3 d5 3. Qe2 g6 4. exd5 cxd5 5. Qb5+ Nc6 6. Qxd5 Bf5 7. Bb5 Qb6 8.
d3 Nf6 9. Qf3 Bg7 10. Nge2 O-O 11. Bxc6 bxc6 12. O-O Rfd8 13. Rb1 Nd5 14. Be3
Qa5 15. Bd2 Nb4 16. Ne4 Qb6 17. Bxb4 Qxb4 18. b3 Bxe4 19. dxe4 Rd2 20. Rbc1 Qa3
21. e5 Bxe5 22. Qxc6 Rad8 23. Qe4 Bf6 24. Nf4 R8d4 25. Qf3 Qxa2 26. Ra1 Qxc2 27.
Rxa7 Rd1 28. Ra8+ Kg7 29. g3 e5 30. Nh3 e4 31. Qe3 R4d3 32. Qf4 Qe2 0-1

[Event "Airthings Masters - Torneo Preliminare"]
[Site "Internet"]
[Date "03.02.2023"]
[Round "3"]
[White "Blomqvist, Erik"]
[Black "Kravtsiv, Martyn"]
[Result "1/2-1/2"]
[WhiteTitle ""]
[BlackTitle ""]
[WhiteElo "2510"]
[BlackElo "2598"]
[WhiteFideId "1709437"]
[BlackFideId "14113147"]
[EventDate "2023.02.03"]

1. e4 e5 2. Nf3 Nc6 3. Bb5 a6 4. Ba4 Nf6 5. O-O Be7 6. d3 b5 7. Bb3 O-O 8. Nc3
d6 9. a3 Na5 10. Ba2 Be6 11. b4 Bxa2 12. Rxa2 Nc6 13. Bg5 Qd7 14. Bxf6 Bxf6 15.
Nd5 a5 16. Rb2 axb4 17. axb4 Bd8 18. Qb1 Ne7 19. Ra2 Qc6 20. c4 Qb7 21. Rxa8
Qxa8 22. Qb2 Qb7 23. Ra1 c6 24. Nxe7+ Bxe7 25. Qa2 Rb8 26. g3 h6 27. Qa7 Bf8 28.
Qxb7 Rxb7 29. Ra6 bxc4 30. dxc4 Rxb4 31. Rxc6 g6 32. Rc7 Rb3 33. Kg2 Rc3 34. h4
Kg7 35. h5 Kf6 36. Nh2 gxh5 37. Nf1 Rb3 38. Ne3 Rb8 39. Nf5 Kg6 40. Kh3 Ra8 41.
Rc6 Kg5 42. Rc7 Kg6 43. Rc6 Kg5 44. Rc7 Kg6 1/2-1/2

[Event "Airthings Masters - Torneo Preliminare"]
[Site "Internet"]
[Date "03.02.2023"]
[Round "3"]
[White "Jonkman, Harmen"]
[Black "Mikaelyan, Arman"]
[Result "0-1"]
[WhiteTitle ""]
[BlackTitle ""]
[WhiteElo "2328"]
[BlackElo "2496"]
[WhiteFideId "1002708"]
[BlackFideId "13304852"]
[EventDate "2023.02.03"]

1. e4 c5 2. c3 Nf6 3. e5 Nd5 4. Nf3 Nc6 5. Bc4 Nb6 6. Bb3 d5 7. exd6 Qxd6 8. a4
c4 9. Bc2 Bg4 10. O-O Ne5 11. a5 Nbd7 12. a6 b5 13. Re1 Bxf3 14. gxf3 Nc5 15.
Na3 Rb8 16. Re3 g6 17. Nxb5 Rxb5 18. Ba4 Nxa4 19. Qxa4 Qd7 20. d4 cxd3 21. c4
Rc5 22. Qa3 e6 23. b4 Nxc4 24. Qc3 Rg5+ 25. Kh1 Qc6 26. Rxd3 Rd5 27. Rxd5 Qxd5
28. Qxh8 Qxf3+ 29. Kg1 Qg4+ 30. Kh1 Qe4+ 31. Kg1 Ne5 32. Bh6 Nf3+ 33. Kh1 Nh4+
34. f3 Qxf3+ 35. Kg1 Qg2# 0-1

[Event "Airthings Masters - Torneo Preliminare"]
[Site "Internet"]
[Date "03.02.2023"]
[Round "3"]
[White "Iskusnyh, Sergei"]
[Black "Nesterov, Arseniy"]
[Result "0-1"]
[WhiteTitle ""]
[BlackTitle ""]
[WhiteElo "2443"]
[BlackElo "2568"]
[WhiteFideId "4120027"]
[BlackFideId "24198455"]
[EventDate "2023.02.03"]

1. d4 d5 2. c4 e6 3. Nf3 Nf6 4. g3 dxc4 5. Bg2 Nc6 6. O-O Rb8 7. e3 b5 8. Qe2
Bd6 9. b3 cxb3 10. axb3 O-O 11. Bb2 a6 12. Ne5 Nb4 13. Bc3 Rb6 14. Rd1 Qe7 15.
Rc1 Nfd5 16. Be1 Bxe5 17. dxe5 Rc6 18. Nc3 Bb7 19. Nxd5 exd5 20. Bxb4 Qxb4 21.
Rxc6 Bxc6 22. Rxa6 Bb7 23. Ra7 Rb8 24. Qd1 Qe7 25. Qa1 Bc6 26. Qc3 Bb7 27. b4 h6
28. h4 Qd7 29. Qc5 c6 0-1

[Event "Airthings Masters - Torneo Preliminare"]
[Site "Internet"]
[Date "03.02.2023"]
[Round "3"]
[White "Kramnik, Vladimir"]
[Black "Alekseenko, Kirill"]
[Result "1-0"]
[WhiteTitle ""]
[BlackTitle ""]
[WhiteElo "2753"]
[BlackElo "2686"]
[WhiteFideId "4101588"]
[BlackFideId "4135539"]
[EventDate "2023.02.03"]

1. c4 e5 2. d3 Nc6 3. Nf3 g6 4. Nc3 Bg7 5. g3 d6 6. Bg2 Nge7 7. O-O O-O 8. Rb1
a5 9. a3 Nd4 10. b4 axb4 11. axb4 Bg4 12. Nd2 Qc8 13. Re1 c6 14. b5 h6 15. bxc6
bxc6 16. Nb3 Qd7 17. Bd2 Kh7 18. Nxd4 exd4 19. Na4 Rab8 20. c5 Nd5 21. Nb6 Qc7
22. Nxd5 cxd5 23. h3 Be6 24. cxd6 Qxd6 25. Qa4 Ra8 26. Bf4 Rxa4 27. Bxd6 Rd8 28.
Bc7 Rc8 29. Rec1 h5 30. Bd6 Rc3 31. Bf4 Ra2 32. Kf1 Bh6 33. Bxh6 Kxh6 34. Re1
Ra4 35. Rb2 Kg7 36. Reb1 Kf6 37. f4 g5 38. fxg5+ Kxg5 39. Rb4 Rxb4 40. Rxb4 h4
41. Kf2 hxg3+ 42. Kxg3 Rc2 43. Bf3 Kf6 44. Rxd4 Ke5 45. Ra4 d4 46. Ra5+ Kd6 47.
h4 Rc8 48. Kf4 Rg8 49. Ra6+ Ke7 50. h5 Kf6 51. Rd6 Rg1 52. Rxd4 Kg7 53. Rd6 Re1
54. d4 Bc4 55. h6+ Kg8 56. Be4 Kf8 1-0

[Event "Airthings Masters - Torneo Preliminare"]
[Site "Internet"]
[Date "03.02.2023"]
[Round "3"]
[White "Sarana, Alexey"]
[Black "Daggupati, Balaji"]
[Result "1-0"]
[WhiteTitle ""]
[BlackTitle ""]
[WhiteElo "2668"]
[BlackElo "2507"]
[WhiteFideId "24133795"]
[BlackFideId "2090759"]
[EventDate "2023.02.03"]

1. d4 d5 2. c4 c6 3. Nf3 Nf6 4. Nc3 e6 5. e3 Nbd7 6. Bd3 dxc4 7. Bxc4 b5 8. Bd3
a6 9. e4 c5 10. d5 Qc7 11. O-O Bb7 12. dxe6 fxe6 13. Qe2 Be7 14. Ng5 Qc6 15. f4
h6 16. e5 hxg5 17. exf6 Bxf6 18. Be4 Qb6 19. Bxb7 Qxb7 20. Qxe6+ Kd8 21. fxg5
Bd4+ 22. Kh1 Re8 23. Qg4 b4 24. Nd1 Ne5 25. Qg3 Qb5 26. Ne3 Kc7 27. Bd2 Rf8 28.
Nd5+ Kb7 29. Nf4 Bxb2 30. Rae1 Bd4 31. h3 Rae8 32. Bc1 a5 33. Rd1 a4 34. Rfe1
Bc3 35. Re4 Rd8 36. Rg1 Rfe8 37. Nh5 Bd4 38. Be3 Nd3 39. Rxe8 Qxe8 40. Bxd4 Rxd4
41. Nxg7 Qf7 42. g6 Qxg7 43. Rf1 Rd7 44. h4 b3 45. Qg4 Qd4 46. Qf3+ Ka7 47. axb3
Qxh4+ 48. Kg1 Qd4+ 49. Kh1 axb3 50. Qc6 Qh4+ 51. Kg1 Qd4+ 52. Kh1 b2 53. Qb5
Qh4+ 54. Kg1 Qd4+ 55. Kh1 Nf2+ 56. Kh2 Ng4+ 57. Kg3 Qe3+ 58. Rf3 Qe5+ 59. Kh4 1-0

[Event "Airthings Masters - Torneo Preliminare"]
[Site "Internet"]
[Date "03.02.2023"]
[Round "3"]
[White "Petrosyan, Manuel"]
[Black "Martinez Alcantara, Jose Eduardo"]
[Result "0-1"]
[WhiteTitle ""]
[BlackTitle ""]
[WhiteElo "2634"]
[BlackElo "2607"]
[WhiteFideId "13300857"]
[BlackFideId "3805662"]
[EventDate "2023.02.03"]

1. d4 Nf6 2. Bf4 e6 3. e3 b6 4. Nf3 Bb7 5. Be2 Nh5 6. Bg5 Be7 7. Bxe7 Qxe7 8.
O-O O-O 9. c4 d6 10. Nc3 Nd7 11. Re1 Nhf6 12. Bd3 h6 13. e4 e5 14. Nd5 Qd8 15.
Bc2 Re8 16. Qd2 c6 17. Ne3 g6 18. Rad1 Qe7 19. h3 Rad8 20. d5 c5 21. a3 Rc8 22.
b4 Rc7 23. Rb1 Ra8 24. Rec1 Bc8 25. Bd3 Nf8 26. Rb2 Kh7 27. Rcb1 Nh5 28. Bc2 Nf4
29. Ba4 Bd7 30. Bxd7 Nxd7 31. Kh2 Nf6 32. Qc2 Qd7 33. Ng1 Rac8 34. g3 N4h5 35.
b5 Kg7 36. a4 Nh7 37. Nf3 N5f6 38. a5 Ng5 39. Nxg5 hxg5 40. g4 Rh8 41. Kg2 bxa5
42. Ra1 Rh4 43. Rxa5 Nh5 44. Kf1 Nf4 45. Ke1 Rxh3 46. Kd2 Rf3 47. Kc3 Qxg4 48.
Rba2 Ng2 49. Rxa7 Rxa7 50. Rxa7 Nxe3 51. fxe3 Rxe3+ 52. Kb2 Re2 53. b6 Rxc2+ 54.
Kxc2 Qc8 55. Ra5 g4 56. Kd2 g3 57. Ke3 Qg4 58. b7 g2 0-1

[Event "Airthings Masters - Torneo Preliminare"]
[Site "Internet"]
[Date "03.02.2023"]
[Round "3"]
[White "Lenderman, Aleksandr"]
[Black "Lobanov, Sergei"]
[Result "0-1"]
[WhiteTitle ""]
[BlackTitle ""]
[WhiteElo "2572"]
[BlackElo "2545"]
[WhiteFideId "2021285"]
[BlackFideId "24183750"]
[EventDate "2023.02.03"]

1. Nf3 d5 2. e3 Nf6 3. c4 e6 4. Nc3 Nbd7 5. b3 b6 6. Bb2 Bb7 7. cxd5 exd5 8. Rc1
a6 9. Ne2 Bd6 10. Ned4 c5 11. Nf5 Bf8 12. d4 g6 13. Ng3 Bg7 14. Be2 O-O 15. dxc5
bxc5 16. O-O Re8 17. Qc2 Qb6 18. Rfd1 a5 19. a4 Rac8 20. Bb5 Re7 21. Ne2 d4 22.
exd4 cxd4 23. Qxc8+ Bxc8 24. Rxc8+ Nf8 25. Bxd4 Qe6 26. Rdc1 Ne4 27. Bc4 Qf5 28.
Be3 h6 29. Ned4 Qd7 30. Bb5 Qd5 31. Nc6 Rb7 32. Rd8 Qh5 33. Bd3 Nc3 34. Ncd4 Nd5
35. Rc5 Rd7 36. Rxd7 Nxd7 37. Rxa5 Ne5 38. Nxe5 Bxe5 39. Nf3 Bc7 40. Bc4 Bxa5 0-1

[Event "Airthings Masters - Torneo Preliminare"]
[Site "Internet"]
[Date "03.02.2023"]
[Round "3"]
[White "Svidler, Peter"]
[Black "Tomashevsky, Evgeny"]
[Result "1-0"]
[WhiteTitle ""]
[BlackTitle ""]
[WhiteElo "2683"]
[BlackElo "2694"]
[WhiteFideId "4102142"]
[BlackFideId "4147235"]
[EventDate "2023.02.03"]

1. Nf3 d5 2. g3 g6 3. c4 dxc4 4. Na3 Bg7 5. Nxc4 Nc6 6. d3 e5 7. Bd2 Nge7 8. Bg2
O-O 9. O-O Re8 10. b4 Nd5 11. Rb1 Nd4 12. e4 Nb6 13. Na5 Bg4 14. Be3 Rb8 15.
Bxd4 Bxf3 16. Bxf3 Qxd4 17. Qc2 c6 18. Rfd1 Nd7 19. Bg4 Red8 20. Bxd7 Rxd7 21.
b5 cxb5 22. Rxb5 Qd6 23. Nxb7 Qd4 24. Rdb1 Bf8 25. R5b3 h5 26. h4 Kg7 27. Kg2
Be7 28. Na5 Rxb3 29. Rxb3 Qa4 30. Nc4 Bf6 31. Ne3 Bd8 32. Nd5 Bb6 33. Nxb6 axb6
34. Qb2 Qd4 35. Qxd4 Rxd4 36. Kf3 Ra4 37. a3 Kf8 38. Ke3 Ke7 39. f4 exf4+ 40.
gxf4 b5 41. Rxb5 Rxa3 42. f5 Ra1 43. fxg6 fxg6 44. Kf4 Rf1+ 45. Ke5 Rh1 46. Rb7+
Kd8 47. Kd6 Kc8 48. Rc7+ Kb8 49. e5 Rxh4 50. Rc4 Rh1 51. e6 1-0

[Event "Airthings Masters - Torneo Preliminare"]
[Site "Internet"]
[Date "03.02.2023"]
[Round "3"]
[White "Duda, Jan-Krzysztof"]
[Black "Safarli, Eltaj"]
[Result "0-1"]
[WhiteTitle ""]
[BlackTitle ""]
[WhiteElo "2729"]
[BlackElo "2608"]
[WhiteFideId "1170546"]
[BlackFideId "13402129"]
[EventDate "2023.02.03"]

1. d4 Nf6 2. Bf4 d5 3. e3 c5 4. c3 Nc6 5. Nd2 Bf5 6. Ngf3 e6 7. Qb3 Qb6 8. Qxb6
axb6 9. Bb5 Be7 10. Ne5 Rc8 11. Nxc6 bxc6 12. Ba6 Rd8 13. Bb7 Kd7 14. Nf3 Nh5
15. Bxc6+ Kxc6 16. Ne5+ Kb7 17. Nxf7 Nxf4 18. exf4 cxd4 19. cxd4 Bf6 20. Rd1
Rhf8 21. Nxd8+ Rxd8 22. Ke2 Rc8 23. Rd2 b5 24. f3 h5 25. a3 Rc4 26. Ke3 b4 27.
axb4 Rxb4 28. Rc1 Bd8 29. Rc3 Ba5 30. Ra3 Bb6 31. Rc3 Rb5 32. Ra3 Bc7 33. Re2
Bd6 34. Rc3 Bb4 35. Rc1 Ba5 36. Kf2 Rb3 37. Rd1 Kc6 38. Kg3 Kd7 39. Kh4 g6 40.
Ra1 Bd8+ 41. Kg3 h4+ 42. Kf2 Bb6 43. Rd2 Rxb2 44. Ke1 Rxd2 45. Kxd2 Bxd4 46. Ra8
Bc5 47. g4 hxg3 48. hxg3 d4 49. Rb8 Bd6 50. Ra8 Bb4+ 51. Kd1 Bd3 52. Ra4 Bc3 53.
g4 Bf1 54. Ra7+ Kc6 55. Ra8 Kd5 56. Rc8 Ba6 57. Rd8+ Kc4 58. Rd6 Bb7 59. Ke2 Bd5
60. Rd8 d3+ 61. Ke3 d2 62. Ke2 Kb3 63. Rxd5 exd5 64. Kd1 Kc4 0-1

[Event "Airthings Masters - Torneo Preliminare"]
[Site "Internet"]
[Date "03.02.2023"]
[Round "3"]
[White "Shimanov, Aleksandr"]
[Black "Gascon Del Nogal, Jose Rafael"]
[Result "0-1"]
[WhiteTitle ""]
[BlackTitle ""]
[WhiteElo "2581"]
[BlackElo "2460"]
[WhiteFideId "4198603"]
[BlackFideId "3902463"]
[EventDate "2023.02.03"]

1. e4 c5 2. Nf3 d6 3. d4 cxd4 4. Qxd4 Nc6 5. Bb5 a6 6. Bxc6+ bxc6 7. O-O e5 8.
Qa4 Bd7 9. c4 c5 10. Qc2 Ne7 11. Nc3 Nc6 12. Nd5 Be7 13. Bd2 O-O 14. b4 cxb4 15.
Nxb4 Nxb4 16. Bxb4 Bg4 17. Nd2 Qc7 18. Qd3 Rfc8 19. Rac1 Rab8 20. Ba3 Rb6 21.
Rc2 Rc6 22. f3 Be6 23. Rd1 Bg5 24. Kh1 h5 25. h3 h4 26. Bb4 a5 27. Ba3 g6 28.
Rb1 Bf4 29. Rd1 Bxc4 30. Nxc4 Rxc4 31. Bxd6 Qc6 32. Rxc4 Qxc4 33. Qd5 Qe2 34.
Rg1 Rd8 35. Qc5 Rxd6 36. Qxd6 Qf2 37. Rd1 Qg3 38. Kg1 Be3+ 39. Kh1 Bf4 40. Kg1
Qh2+ 41. Kf2 Bg3+ 42. Ke3 Qxg2 43. Qd8+ Kg7 44. Kd3 Qxf3+ 45. Kc4 Qxe4+ 46. Kb5
Qb4+ 47. Ka6 Bf2 48. Rd6 Qf4 49. Qxa5 e4 50. Qd5 e3 51. Rd8 e2 52. Qa8 Qc4+ 53.
Ka5 Qxa2+ 54. Kb5 Qxa8 0-1

[Event "Airthings Masters - Torneo Preliminare"]
[Site "Internet"]
[Date "03.02.2023"]
[Round "3"]
[White "Rakhmanov, Aleksandr"]
[Black "Guseinov, Gadir"]
[Result "0-1"]
[WhiteTitle ""]
[BlackTitle ""]
[WhiteElo "2635"]
[BlackElo "2661"]
[WhiteFideId "4173708"]
[BlackFideId "13401378"]
[EventDate "2023.02.03"]

1. c4 Nf6 2. Nc3 g6 3. g3 Bg7 4. Bg2 O-O 5. d3 d6 6. h3 e5 7. e4 c6 8. Nge2 Na6
9. O-O Nc5 10. Be3 a5 11. f4 exf4 12. gxf4 Re8 13. e5 Nh5 14. d4 Ne6 15. Ne4 Bf8
16. f5 Neg7 17. Bg5 Qb6 18. fxg6 hxg6 19. Nxd6 Bxd6 20. exd6 Qxb2 21. Rf2 Qa3
22. c5 Bf5 23. Nf4 Qg3 24. Nxh5 Qxg5 25. Nxg7 Kxg7 26. d5 Re3 27. Qd4+ f6 28.
dxc6 bxc6 29. h4 Qg3 30. Qf4 Qxf4 31. Rxf4 Rc3 32. Bxc6 Rd8 33. Be4 Be6 34. c6
Rxd6 35. Bf3 g5 36. hxg5 fxg5 37. Re4 Rxf3 38. Rc1 Rf8 39. Re5 Kg6 40. Rxa5 Rc8
41. c7 g4 42. Rb5 Bxa2 43. Kf2 Be6 44. Kg3 Rd3+ 45. Kf4 Kf6 46. Rh5 Ke7 47. Rh7+
Kd6 48. Rh6 Rf3+ 49. Ke4 Rf7 50. Kd4 Rcxc7 51. Re1 Rce7 52. Re4 Rg7 53. Re1 g3
54. Rg1 Ra7 55. Re1 Rae7 56. Rg1 Rg4+ 57. Ke3 Ke5 58. Kf3 Rf7+ 59. Ke3 Bd5 60.
Rh5+ Rf5 61. Rh8 g2 62. Re8+ Kf6 63. Rf8+ Kg5 64. Rg8+ Bxg8 0-1

[Event "Airthings Masters - Torneo Preliminare"]
[Site "Internet"]
[Date "03.02.2023"]
[Round "3"]
[White "Antipov, Mikhail Al."]
[Black "Murzin, Volodar"]
[Result "1/2-1/2"]
[WhiteTitle ""]
[BlackTitle ""]
[WhiteElo "2581"]
[BlackElo "2547"]
[WhiteFideId "4107012"]
[BlackFideId "44155573"]
[EventDate "2023.02.03"]

1. e4 c6 2. d4 d5 3. exd5 cxd5 4. Bd3 Nc6 5. c3 g6 6. Nf3 Bf5 7. Be2 Bg7 8. O-O
Nf6 9. Re1 O-O 10. h3 Re8 11. Be3 Ne4 12. Nbd2 Qc7 13. g4 Nxd2 14. Qxd2 Be4 15.
Bf4 e5 16. Bg3 Bxf3 17. Bxf3 Rad8 18. Bg2 Qb6 19. dxe5 Bxe5 20. Bxe5 Nxe5 21.
Rad1 Nc4 22. Rxe8+ Rxe8 23. Qxd5 Nxb2 24. Rb1 Re2 25. Qf3 Rd2 26. g5 Qc5 27. Qf6
Rd6 28. Qf4 Nd3 29. Qg3 b6 30. a4 Qe5 31. Qxe5 Nxe5 32. Re1 Re6 33. Rd1 Kf8 34.
f4 Nc4 35. Rd8+ Re8 36. Rd4 Ne3 37. Be4 Rc8 38. Rd3 Nf5 39. Bd5 Rd8 40. Kf2 Ne7
41. c4 Nxd5 42. cxd5 Ke7 43. Ke3 Rc8 44. a5 b5 45. d6+ Kd7 46. a6 b4 47. Rd4 Rb8
48. Kd2 Rb6 49. Kc2 b3+ 50. Kb2 Rxd6 51. Rb4 Rxa6 52. Rb7+ Ke6 53. h4 Ra4 54.
f5+ gxf5 55. h5 Rg4 56. Kxb3 Rxg5 57. h6 Rg6 58. Rxa7 Kf6 59. Kc4 Rxh6 60. Kd3
Rh4 61. Ke3 Rg4 62. Kf3 h5 63. Ra8 Kg7 64. Ra5 Kg6 65. Ra8 h4 66. Rg8+ Kf6 67.
Ra8 h3 68. Rh8 Ra4 69. Rxh3 Ra3+ 70. Kf4 Rxh3 1/2-1/2

[Event "Airthings Masters - Torneo Preliminare"]
[Site "Internet"]
[Date "03.02.2023"]
[Round "3"]
[White "Sharapov, Evgeny"]
[Black "Vidit, Santosh Gujrathi"]
[Result "0-1"]
[WhiteTitle ""]
[BlackTitle ""]
[WhiteElo "2375"]
[BlackElo "2730"]
[WhiteFideId "14103133"]
[BlackFideId "5029465"]
[EventDate "2023.02.03"]

1. e4 c5 2. Nf3 e6 3. d4 cxd4 4. Nxd4 Nf6 5. Nc3 Nc6 6. Ndb5 d6 7. Bf4 e5 8. Bg5
a6 9. Na3 b5 10. Nd5 Be7 11. Bxf6 Bxf6 12. c3 Bg5 13. Nc2 Rb8 14. a3 a5 15. g3
O-O 16. Bg2 Be6 17. O-O Ne7 18. Nce3 Nxd5 19. Nxd5 g6 20. f4 exf4 21. gxf4 Bh6
22. f5 Bxd5 23. Qxd5 Qh4 24. Qxd6 Rfd8 25. Qg3 Qxg3 26. hxg3 Rd2 27. Rab1 Rbd8
28. Bf3 R8d3 29. f6 Bg5 30. e5 h5 31. Rbe1 Kf8 32. Rf2 Re3 33. Rd1 Rxd1+ 34.
Bxd1 Rxg3+ 35. Kf1 h4 36. Rg2 Bf4 37. Rxg3 Bxg3 38. e6 fxe6 39. Be2 b4 40. cxb4
axb4 41. axb4 Kf7 42. b5 Kxf6 43. Kg2 Bc7 44. Bg4 Ke5 45. Kf3 g5 46. Bh3 Kd5 47.
Bg4 e5 48. Bf5 Kd4 49. b3 Bb6 50. Bg6 Bc7 51. Bf5 Ba5 52. Bg6 Bd8 53. Bf5 Bc7
54. Bg6 h3 55. Kg3 g4 56. b6 Bb8 57. Bf5 e4+ 58. Kf2 g3+ 59. Ke2 g2 60. Bxh3
g1=Q 0-1